00381 a2200121 4500001000900000005001700009008004100026245006400067100002000131700001800151773007300169999001700242ART_237720260410161725.0260409a 10aEmpleo del análisis decisorio en problemas de inversión1 aHax, Arnaldo C.1 aWllg, Karl M.0 tAdministración de empresasg- Año 7, Nº 80 (nov. 1976)wREV2036 c17346d17346